| 000 | 00760nam a2200241 c 4500 | ||
|---|---|---|---|
| 001 | a5245952 | ||
| 003 | CO-ViMGA | ||
| 005 | 20230915223801.0 | ||
| 008 | 120807s2011 sp a | |||| 000 1 spa | ||
| 020 | _a9788498857146 | ||
| 040 |
_aCO-ViMGA _bspa _cCO-ViMGA |
||
| 041 | 1 | _heng | |
| 082 | 0 | 4 |
_a741.5 _bW14s |
| 100 | 1 |
_aWaid, Mark _98895 |
|
| 245 | 1 | 0 |
_aCapitan America : _c[guion, Mark Waid ; dibujo, Ron Garney y Andy Kubert ; traducción, Roke Gonzalez] _bServir y proteger / |
| 260 |
_aToroella de Montgrí, Girona _bPanini España ; _cD.L. 2011 |
||
| 300 |
_a310 p. _bprincipalmente il. col. _c24 cm. |
||
| 490 | 0 | _aColeccion extra superheroes | |
| 490 | 0 | _aInhumanos | |
| 650 | 1 | 4 |
_aComics _9284 |
| 700 | 1 |
_aLee, Jae _d1972- _98896 |
|
| 942 |
_2ddc _cBK |
||
| 999 |
_c10378 _d10378 |
||